Princesses Disney - Statistiques

Statistiques générales
  • Ce quiz a été pris 1 063 fois
  • Le résultat moyen est 12 sur 15
Statistiques - réponses
Hint Réponse % Correct
Sortie en 1937 Blanche-Neige
99%
Sortie en 1950 Cendrillon
97%
Sortie en 1959 Aurore
94%
Sortie en 2010 Raiponce
93%
Sortie en 2013 Elsa
89%
Sortie en 1998 Mulan
89%
Sortie en 1991 Belle
88%
Sortie en 1989 Ariel
85%
Sortie en 2013 Anna
84%
Sortie en 1995 Pocahontas
84%
Sortie en 2016 Vaiana
84%
Sortie en 2009 Tiana
80%
Sortie en 2012 Mérida
77%
Sortie en 1992 Jasmine
74%
Sortie en 2012 Vanellope
32%
Aucun quiz correspondant
Distribution des résultats
% des personnes avec chaque résultat
Percentile par nombre de réponses
Votre historique - résultats
Vous n’avez pas pris ce quiz